Primer of Ecological Restoration /
Na minha lista:
| Autor principal: | |
|---|---|
| Formato: | Livro |
| Idioma: | inglês |
| Publicado em: |
Washington, DC, EUA :
Island Press,
2020, c2020
|
| Assuntos: | |
| Acesso em linha: | Ver documento en línea |
| Tags: |
Sem tags, seja o primeiro a adicionar uma tag!
|
MARC
| LEADER | 00000nam^a2200000^a^4500 | ||
|---|---|---|---|
| 001 | 000426881 | ||
| 005 | 20251023000000.0 | ||
| 009 | 20260310122753.843 | ||
| 022 | |a 9781610919739 | ||
| 037 | |a Acervo ITESO - Biblioteca | ||
| 041 | |a ING | ||
| 082 | |a 628. 55 |b HOL | ||
| 100 | |a Holl, Karen D. |e (autor) | ||
| 245 | 1 | 0 | |a Primer of Ecological Restoration / |c K.D. Holl. |
| 264 | 4 | |a Washington, DC, EUA : |b Island Press, |c 2020, c2020 | |
| 264 | 2 | |a Cartagena, España : |b Odilo [distribución], |c 2021 | |
| 300 | |a 1 libro electrónico en línea (224 p.) | ||
| 300 | |a 1 recurso en línea | ||
| 336 | |a datos para computadora |b cod |2 rdacontenido | ||
| 337 | |a computadora |b c |2 rdamedio | ||
| 338 | |a recurso en línea |b cr |2 rdasoporte | ||
| 506 | 0 | |a 1 licencia | |
| 521 | |a Odilo 2021 EEnlace Departamento de Procesos Tecnológicos e Industriales | ||
| 649 | |a XX | ||
| 650 | |a Desechos - |x Eliminación | ||
| 650 | |a Reforestación | ||
| 650 | |a Contaminación Ambiental | ||
| 650 | |a Restauración Ecológica - |x Tema Principal | ||
| 650 | |a Gestión Ambiental - |x Tema Principal | ||
| 650 | |a Conservación y Protección Ambiental | ||
| 650 | |a Ecosistemas | ||
| 650 | |a Ecología | ||
| 650 | |a Medio Ambiente | ||
| 650 | |a Ciencias Ambientales | ||
| 856 | 4 | 0 | |u https://iteso-odilotk-es.ezproxy.iteso.mx/opac?id=01879154 |y Ver documento en línea |
| 910 | |a Fondo General | ||
| 920 | |a Electrónicos - Libros en Línea | ||
| 930 | |a Plataforma Digital | ||
| 905 | |a 205 | ||
| 901 | |a 426881-1 |b IT2 |c EBO |i C174169 |u 20250521 | ||
| 902 | |a https://opac.biblio.iteso.mx/vufind/Record/000426881 | ||